Readings in accounting and finance (Record no. 32462)

MARC details
000 -LEADER
fixed length control field 00301nam a2200121Ia 4500
082 ## - DEWEY DECIMAL CLASSIFICATION NUMBER
Classification number 657.4
Item number MAT
245 #0 - TITLE STATEMENT
Title Readings in accounting and finance
260 ## - PUBLICATION, DISTRIBUTION, ETC. (IMPRINT)
Place of publication Calcutta
Name of publisher Academic
Year of publication 1973
650 ## - SUBJECT ADDED ENTRY--TOPICAL TERM
Topical Term Accounting
700 ## - ADDED ENTRY--PERSONAL NAME
Personal name Mathur, K S
942 ## - ADDED ENTRY ELEMENTS (KOHA)
Koha item type Books
Holdings
Withdrawn status Lost status Damaged status Not for loan Home library Current library Date acquired Cost, normal purchase price Full call number Accession Number Koha item type
        RRII Library RRII Library 16/12/2021 30.00 657.4 MAT 12979 Books